000 00435nam a22001817a 4500
003 MPLRDC
005 20220104144131.0
008 210129b ||||| |||| 00| 0 eng d
082 _a857.7 HYXL v.3091
100 _a有容
245 _a愿赌服输
_c
250 _a初版
260 _a
_b立腾出版社
_c2002
300 _b
490 _a花园系列. BNAE T3091
650 _a长篇小说
942 _cBK
_o857.7 HYXL v.3091
999 _c46689
_d46679